La llave de Sarah : (Registro nro. 10352)

Detalles MARC
000 -LIDER
fixed length control field 01315nam a22003497a 4500
001 - NÚMERO DE CONTROL
Identificador de número de control 00004514
003 - IDENTIFICACDOR DE NÚMERO DE CONTROL
control field DO-SdBPM
005 - DATE AND TIME OF LATEST TRANSACTION
control field 20250626093744.0
007 - CAMPOS FIJOS DE DESCRIPCIÓN FÍSICA
fixed length control field 00004514
008 - ELEMENTOS DE LONGITUD FIJA
fixed length control field 160610b2011 sp 00| 0 spa d
020 ## - ISBN
International Standard Book Number 9788466324847
040 ## - FUENTE DE CATALOGACIÓN
Agencia que crea de manera original el registro DO-SdBPM
Idioma de catalogación spa
Agencia que realiza la transcripción BPMSU
082 #4 - NÚMERO DE CLASIFICACIÓN DECIMAL DE DEWEY
Classification number 843.91
Item number R822ll 2011
Edition number 22
100 1# - ASIENTO PRINCIPAL -- NOMBRE PERSONAL
Nombre personal Rosnay, Tatiana de,
Fechas asociadas con el nombre 1961-
245 13 - MENCIÓN DE TITULO
Título La llave de Sarah :
Subtítulo la novela en la película protagonizada por Kristin Scott Thomas /
Mención de responsabilidad Tatiana de Rosnay ; traducción de José Miguel Pallarés.
250 ## - MENCIÓN DE EDICION
Mención de edición 3a ed.
260 ## - PUBLICACIÓN, DISTRIBUCIÓN, ETC. (PIE DE IMPRENTA)
Lugar de publicación, distribución, etc Madrid :
Nombre del editor, distribuidor, etc. Punto de Lectura,
Fecha de publicación, distribución, etc 2011.
300 ## - DESCRIPCIÓN FÍSICA
Extensión 393 p.
Dimensiones 19 cm.
500 ## - NOTA GENERAL
Nota general La novela en la que se basa la película protagonizada por Kristin Scott Thomas.
504 ## - NOTA DE BIBLIOGRAFÍA, ETC.
Bibliography, etc Bibliografía : p. 397-398
534 ## - NOTA SOBRE LA VERSIÓN ORIGINAL
Frase introductoria Título original :
Mención del título original Elle s'appelait Sarah.
585 ## - NOTA DE PREMIOS
Nota de premios Newbery Honor Book, 1968.
590 ## - NOTA LOCAL
Texto de la nota local Inventariado, 2024/VM
650 #4 - ENCABEZAMIENTO DE MATERIA--TEMÁTICO
Término temático o nombre geográfico como elemento de entrada Novela francesa.
650 #4 - ENCABEZAMIENTO DE MATERIA--TEMÁTICO
Término temático o nombre geográfico como elemento de entrada Guerra Mundial II, 1939-1945
Subdivisión temática general Aniversarios, etc.
Subdivisión de forma Novela.
Subdivisión geográfica Francia
650 #4 - ENCABEZAMIENTO DE MATERIA--TEMÁTICO
Término temático o nombre geográfico como elemento de entrada Secretos de familia
Subdivisión de forma Novela.
650 #4 - ENCABEZAMIENTO DE MATERIA--TEMÁTICO
Término temático o nombre geográfico como elemento de entrada Judíos
Subdivisión temática general Historia
Subdivisión de forma Novela
Subdivisión geográfica Francia
651 #4 - ENCABEZAMIENTO DE MATERIA--NOMBRE GEOGRÁFICO
Nombre geográfico Francia
Subdivisión temática general Historia
Subdivisión cronológica Ocupación alemana,
Subdivisión de forma Novela
Subdivisión geográfica
700 1# - ASIENTO SECUNDARIO -- NOMBRE PERSONAL
Nombre personal Pallarés, José Miguel,
Mención de responsabilidad traductor
910 ## - VALIDACIÓN
Validación VMateo V. Control de calidad. BPMSU
942 ## - ADDED ENTRY ELEMENTS (KOHA)
Source of classification or shelving scheme Dewey Decimal Classification
Koha item type Libros
Existencias
Withdrawn status Lost status Source of classification or shelving scheme Damaged status Not for loan Collection code Home library Current library Date acquired Source of acquisition Total Checkouts Full call number Barcode Date last seen Price effective from Koha item type Copy number
    Dewey Decimal Classification     Colección General Biblioteca Pública Metropolitana Salomé Ureña Biblioteca Pública Metropolitana Salomé Ureña 06/10/2016 Alfaguara   BPMSU CG 843.91 R822ll 2011 BPMSU16060148 06/10/2016 06/10/2016 Libros  
    Dewey Decimal Classification     Colección General Biblioteca Pública Metropolitana Salomé Ureña Biblioteca Pública Metropolitana Salomé Ureña 07/08/2016 Alfaguara   BPMSU CG 843.91 R822ll 2011 BPMSU16070291 07/08/2016 07/08/2016 Libros e.2
    Dewey Decimal Classification     Colección General Biblioteca Pública Metropolitana Salomé Ureña Biblioteca Pública Metropolitana Salomé Ureña 07/08/2016 Alfaguara   BPMSU CG 843.91 R822ll 2011 BPMSU16070292 07/08/2016 07/08/2016 Libros e.3